[Event "ICS rated blitz match"]
[Site "204.178.125.65"]
[Date "2001.08.19"]
[Round "?"]
[White "Hossa"]
[Black "ChesterX"]
[Result "0-1"]
[WhiteElo "2571"]
[BlackElo "2813"]
[PlyCount "121"]
[EventDate "2001.??.??"]

1. d4 Nf6 2. c4 g6 3. Nc3 d5 4. Bg5 Ne4 5. Bf4 Nxc3 6. bxc3 Bg7 7. e3 O-O 8.
Nf3 c5 9. cxd5 Qxd5 10. Be2 Nc6 11. O-O Rd8 12. Nd2 cxd4 13. cxd4 Bf5 14. Bf3
Qd7 15. Nb3 e5 16. Bg5 f6 17. Bh4 exd4 18. exd4 Nxd4 19. Nxd4 Qxd4 20. Qb3+ Kh8
21. Bg3 Rac8 22. Rad1 Bd3 23. Rfe1 b5 24. Re7 Qc4 25. Rxa7 f5 26. Rb7 g5 27.
Qxc4 Bxc4 28. Rxd8+ Rxd8 29. Bc7 Re8 30. Ba5 Rc8 31. h3 h5 32. Bxh5 Bd5 33. Re7
Bxa2 34. Bg6 f4 35. Bc7 b4 36. Bf5 Bf6 37. Rh7+ Kg8 38. Rd7 Bc4 39. g3 fxg3 40.
fxg3 b3 41. Kg2 b2 42. Bh7+ Kf8 43. Ba5 Be6 44. Bb4+ Ke8 45. Rd6 Kf7 46. Ra6
Bd5+ 47. Kh2 Rc1 48. Rxf6+ Kxf6 49. g4 Ke5 50. Be7 Rh1+ 51. Kg3 Rf1 52. Bxg5
Rf3+ 53. Kh4 Be4 54. Bxe4 Rxh3+ 55. Kxh3 Kxe4 56. Be7 b1=Q 57. Kh4 Qb2 58. Kh5
Qe5+ 59. Bg5 Qe8+ 60. Kh6 Qg8 61. Kh5 {Hossa resigns} 0-1

[Event "ICS rated blitz match"]
[Site "204.178.125.65"]
[Date "2001.08.19"]
[Round "?"]
[White "ChesterX"]
[Black "Hossa"]
[Result "1-0"]
[WhiteElo "2819"]
[BlackElo "2565"]
[PlyCount "87"]
[EventDate "2001.??.??"]

1. e4 c5 2. Nf3 d6 3. Bc4 Nf6 4. d3 Nc6 5. c3 e6 6. Bb3 d5 7. e5 Ng4 8. Ba4 h5
9. h3 Nh6 10. Bxc6+ bxc6 11. Bxh6 Rxh6 12. Nbd2 Rb8 13. Qc2 g5 14. O-O-O Be7
15. Kb1 Qb6 16. h4 g4 17. Ng5 Rg6 18. f4 Kf8 19. Nf1 a5 20. Rd2 Rh6 21. Ng3 Qc7
22. Rf2 Kg8 23. Qd2 Bf8 24. Qe3 Ba6 25. f5 Qb7 26. fxe6 fxe6 27. Ka1 Be7 28.
Nh3 Rh7 29. Nf4 d4 30. cxd4 cxd4 31. Qe2 Kh8 32. Ng6+ Kg8 33. Nxh5 g3 34. Rf3
a4 35. Rxg3 Bd8 36. Rf1 Rf7 37. Ne7+ Kf8 38. Rxf7+ Kxf7 39. Rg7+ Ke8 40. Nf6+
Kf8 41. Rg8+ Kxe7 42. Re8+ Kf7 43. Qh5+ Kg7 44. Rg8# {Hossa checkmated} 1-0

[Event "ICS rated blitz match"]
[Site "204.178.125.65"]
[Date "2001.08.19"]
[Round "?"]
[White "Hossa"]
[Black "Tinker"]
[Result "0-1"]
[WhiteElo "2559"]
[BlackElo "2462"]
[PlyCount "86"]
[EventDate "2001.??.??"]

1. d4 d5 2. Nf3 Nf6 3. c4 e6 4. Nc3 c6 5. Bg5 h6 6. Bh4 Bb4 7. Qb3 Bxc3+ 8.
bxc3 g5 9. Bg3 Nbd7 10. cxd5 exd5 11. e3 Ne4 12. Bd3 Nxg3 13. hxg3 Qe7 14.
O-O-O h5 15. Rde1 Nb6 16. Ne5 Qf8 17. Rh2 Be6 18. Reh1 Qh6 19. Be2 h4 20. gxh4
gxh4 21. Nf3 h3 22. gxh3 Bf5 23. Ne5 f6 24. Nd3 Qh7 25. Nf4 O-O-O 26. c4 Nxc4
27. Bxc4 dxc4 28. Qxc4 Kb8 29. Qb4 Be4 30. Rf1 Qc7 31. h4 Rd5 32. a4 c5 33. Qc3
Rd6 34. dxc5 Rc6 35. Kb2 Rxc5 36. Qxf6 Rc8 37. Qd4 Rc2+ 38. Ka3 Qc3+ 39. Qxc3
R8xc3+ 40. Kb4 a5+ 41. Kxa5 Rb2 42. Ne6 b6+ 43. Ka6 Bd3# {Hossa checkmated} 0-1

[Event "ICS rated blitz match"]
[Site "204.178.125.65"]
[Date "2001.08.19"]
[Round "?"]
[White "Hossa"]
[Black "NAZZBLUE"]
[Result "0-1"]
[WhiteElo "2539"]
[BlackElo "2603"]
[PlyCount "135"]
[EventDate "2001.??.??"]

1. c4 g6 2. Nc3 Nf6 3. d4 Bg7 4. e4 d6 5. Nf3 O-O 6. Be2 e5 7. dxe5 dxe5 8.
Qxd8 Rxd8 9. Bg5 Re8 10. O-O Na6 11. Rfd1 Nc5 12. Nd2 Ne6 13. Bxf6 Bxf6 14. Nd5
Bd8 15. Nb3 c6 16. Nc3 Be7 17. Bg4 b6 18. a3 Ba6 19. Bxe6 fxe6 20. Nd2 Rad8 21.
Nf3 Bd6 22. b3 Kf8 23. Rd2 Ke7 24. Nd1 Bb8 25. Ne3 Rxd2 26. Nxd2 Rd8 27. Rd1
Rd3 28. a4 b5 29. axb5 cxb5 30. Kf1 bxc4 31. bxc4 Ra3 32. Ke2 Bd6 33. Rc1 Bc5
34. Ndf1 Bb7 35. Kf3 a5 36. h3 a4 37. Rb1 Ba6 38. Rc1 Rb3 39. Rc2 a3 40. Nd2
Rb2 41. Rxb2 axb2 42. Nd1 Bd4 43. h4 Kd7 44. g4 Kc6 45. h5 gxh5 46. gxh5 Kc5
47. Ne3 Bxe3 48. Kxe3 Bxc4 49. Nb1 Ba2 50. Nd2 h6 51. f3 b1=Q 52. Nxb1 Bxb1 53.
Kd2 Kd4 54. Ke2 Bc2 55. Kd2 Bd3 56. Kd1 Ke3 57. Kc1 Kxf3 58. Kd2 Bxe4 59. Kc3
Bd5 60. Kd3 e4+ 61. Kd4 e3 62. Ke5 e2 63. Kf6 e1=Q 64. Kf7 Qb4 65. Ke8 Qb7 66.
Kf8 e5 67. Ke8 Qc7 68. Kf8 {Hossa resigns} 0-1

[Event "ICS rated blitz match"]
[Site "204.178.125.65"]
[Date "2001.08.19"]
[Round "?"]
[White "deanej"]
[Black "Hossa"]
[Result "1-0"]
[WhiteElo "2421"]
[BlackElo "2534"]
[PlyCount "96"]
[EventDate "2001.??.??"]

1. e4 c5 2. Nf3 d6 3. d4 cxd4 4. Nxd4 e5 5. Bb5+ Bd7 6. Bxd7+ Qxd7 7. Nf5 Nc6
8. Nc3 Nf6 9. Ne3 Be7 10. O-O O-O 11. Nf5 Kh8 12. f3 Rad8 13. Be3 b6 14. Nd5
Nxd5 15. Qxd5 Nb4 16. Qb3 Na6 17. Rad1 Nc5 18. Qd5 Na6 19. a3 Nc7 20. Qb7 Ra8
21. Nxe7 Qxe7 22. f4 Rfc8 23. c4 Kg8 24. b4 Qe6 25. f5 Qe7 26. h3 Rd8 27. Rd3
Rdc8 28. Rfd1 Rd8 29. h4 h6 30. f6 gxf6 31. Bxh6 Rdb8 32. Qc6 Ne8 33. Qd5 Rc8
34. Rg3+ Kh7 35. Bc1 Qe6 36. Qd2 f5 37. exf5 Qf6 38. Qe2 Ng7 39. Bg5 Qxf5 40.
Rxd6 Rh8 41. Bf6 Nh5 42. Rg5 Nf4 43. Qd1 Qxg5 44. hxg5 Rhe8 45. g3 Rac8 46.
gxf4 Kg6 47. Qd3+ e4 48. Qh3 Re5 {Hossa resigns} 1-0

[Event "ICS rated blitz match"]
[Site "204.178.125.65"]
[Date "2001.08.19"]
[Round "?"]
[White "Hossa"]
[Black "Hadoken"]
[Result "0-1"]
[WhiteElo "2532"]
[BlackElo "2512"]
[PlyCount "72"]
[EventDate "2001.??.??"]

1. d4 Nf6 2. c4 e6 3. Nc3 Bb4 4. e3 O-O 5. Nge2 d5 6. a3 Be7 7. Nf4 c5 8. cxd5
cxd4 9. Qxd4 g5 10. dxe6 gxf4 11. exf7+ Kxf7 12. Qxf4 Kg7 13. f3 Nd5 14. Qe4
Nxc3 15. bxc3 Nc6 16. Bb5 Bf5 17. Qa4 Bh4+ 18. g3 Bf6 19. Bd2 Ne5 20. Qd1 Qd5
21. Be2 Nd3+ 22. Kf1 Rad8 23. Rb1 Bh3+ 24. Kg1 Ne5 25. Kf2 Qxd2 26. Qxd2 Rxd2
27. Rxb7+ Kh6 28. Rd1 Nd3+ 29. Kg1 Rxd1+ 30. Bxd1 Bg5 31. f4 Bxf4 32. Kh1 Nf2+
33. Kg1 Nxd1 34. exf4 Re8 35. Rxh7+ Kxh7 36. c4 Re1# {Hossa checkmated} 0-1

[Event "ICS rated blitz match"]
[Site "204.178.125.65"]
[Date "2001.08.19"]
[Round "?"]
[White "Hadoken"]
[Black "Hossa"]
[Result "1-0"]
[WhiteElo "2582"]
[BlackElo "2528"]
[PlyCount "150"]
[EventDate "2001.??.??"]

1. Nf3 d5 2. d4 c6 3. c4 e6 4. Nc3 dxc4 5. a4 Bb4 6. e3 b5 7. Be2 Ne7 8. Bd2
O-O 9. O-O Bd7 10. Ne4 Bxd2 11. Qxd2 Be8 12. Nc5 Nd7 13. Rad1 Nxc5 14. dxc5
Qxd2 15. Rxd2 c3 16. bxc3 bxa4 17. Ra1 Nd5 18. c4 Nf6 19. Rda2 Ne4 20. Rxa4 Nc3
21. R4a3 Nxe2+ 22. Kf1 Nc3 23. Rxc3 f6 24. Nd4 e5 25. Nf5 Rf7 26. Nd6 Rd7 27.
Ra6 Rc7 28. Rca3 Bd7 29. Ke2 Be6 30. f4 g6 31. Kf3 Kg7 32. Ke4 exf4 33. exf4
Kg8 34. Kd4 h5 35. Rg3 Bf7 36. h4 Kf8 37. f5 gxf5 38. Nxf5 Be6 39. Nd6 Bg4 40.
Re3 Rb8 41. Kc3 Ra8 42. Re4 Bd7 43. Ra1 Kg8 44. Re7 a5 45. Rf1 Rca7 46. Rxf6
Bg4 47. Rg6+ Kf8 48. Re1 Rh7 49. Rf1+ Ke7 50. Re1+ Kf8 51. Rf1+ Ke7 52. Ne4 a4
53. Ng5 Rah8 54. Nxh7 Rxh7 55. Rxc6 Rh8 56. Rc7+ Ke6 57. Re1+ Kf6 58. Ra7 Rc8
59. Ra6+ Kf5 60. Rf1+ Ke5 61. Ra5 Ke4 62. g3 Ke3 63. c6 Ke2 64. Rf4 Re8 65. c7
Bd7 66. Rd5 Re3+ 67. Kc2 Be6 68. Rd2+ Ke1 69. Rd1+ Ke2 70. Rff1 Bf5+ 71. Rxf5
Ra3 72. Re5+ Kf2 73. c8=Q Ra2+ 74. Kb1 Ra3 75. Qf5+ Rf3 {Hossa resigns} 1-0

[Event "ICS rated blitz match"]
[Site "204.178.125.65"]
[Date "2001.08.19"]
[Round "?"]
[White "Hossa"]
[Black "D-Bucher"]
[Result "1-0"]
[WhiteElo "2524"]
[BlackElo "2171"]
[PlyCount "53"]
[EventDate "2001.??.??"]

1. e4 b6 2. d4 a6 3. Nf3 Bb7 4. Bd3 e6 5. O-O d6 6. Bf4 h6 7. c4 Ne7 8. e5 d5
9. b3 g6 10. Nc3 Bg7 11. a3 c6 12. Qd2 Nd7 13. cxd5 Nxd5 14. Ne4 Qc7 15. Nd6+
Kf8 16. Bc4 Kg8 17. Bxd5 cxd5 18. Rac1 Qb8 19. Rc2 Bf8 20. Rfc1 g5 21. Bg3 Bxd6
22. exd6 Kg7 23. Rc7 Rd8 24. Nxg5 hxg5 25. Qxg5+ Kf8 26. Qe7+ Kg7 27. Be5+ {
D-Bucher resigns} 1-0

[Event "ICS rated blitz match"]
[Site "204.178.125.65"]
[Date "2001.08.19"]
[Round "?"]
[White "D-Bucher"]
[Black "Hossa"]
[Result "0-1"]
[WhiteElo "2167"]
[BlackElo "2528"]
[PlyCount "94"]
[EventDate "2001.??.??"]

1. e3 Nf6 2. d3 g6 3. b3 d5 4. Bb2 Bg7 5. a3 a5 6. h3 a4 7. g3 axb3 8. cxb3 O-O
9. Bg2 Re8 10. Ne2 e5 11. O-O Bf5 12. d4 e4 13. g4 Bd7 14. Ng3 Bb5 15. Re1 Re6
16. a4 Bd3 17. Nd2 Nc6 18. Bf1 Nb4 19. Bxd3 Nxd3 20. Ba3 Nxe1 21. Qxe1 Ne8 22.
Rc1 b5 23. Qd1 Qh4 24. Kg2 Rea6 25. Nb1 bxa4 26. b4 c6 27. Nc3 Nd6 28. Nb1 Bf8
29. Qe2 Nc4 30. Qe1 Rb6 31. Rxc4 dxc4 32. Nxe4 f5 33. gxf5 Qxe4+ 34. f3 Qc2+
35. Nd2 c3 36. Bc1 Bxb4 37. fxg6 cxd2 38. Bxd2 Qxd2+ 39. Qxd2 Bxd2 40. gxh7+
Kxh7 41. Kf2 a3 42. f4 a2 43. f5 a1=Q 44. e4 Qe1+ 45. Kf3 Rb3+ 46. Kg4 Qxe4+
47. Kh5 Rxh3# {D-Bucher checkmated} 0-1

[Event "ICS rated blitz match"]
[Site "204.178.125.65"]
[Date "2001.08.19"]
[Round "?"]
[White "Hossa"]
[Black "D-Bucher"]
[Result "1-0"]
[WhiteElo "2532"]
[BlackElo "2163"]
[PlyCount "91"]
[EventDate "2001.??.??"]

1. c4 g6 2. e4 Bg7 3. d4 e6 4. Nf3 d6 5. Bd3 h6 6. O-O Ne7 7. Be3 a6 8. Qd2 b6
9. Nc3 Bb7 10. Bf4 g5 11. Be3 Nd7 12. d5 e5 13. Rfd1 Ng6 14. Ne1 Nf4 15. Ne2
Qe7 16. Ng3 O-O 17. Nf5 Qd8 18. Bc2 Bc8 19. Nxg7 Kxg7 20. Nd3 Nc5 21. Nxc5 bxc5
22. f3 Kh8 23. a3 Qf6 24. Ba4 Rg8 25. Rf1 Qg7 26. b4 cxb4 27. Bc6 Rb8 28. Ba7
Bb7 29. Bxb8 Rxb8 30. Bxb7 Rxb7 31. axb4 Ra7 32. b5 a5 33. Rxa5 Rxa5 34. Qxa5
g4 35. g3 Ne2+ 36. Kf2 gxf3 37. Qxc7 Nc3 38. Qd8+ Kh7 39. Kxf3 Qg6 40. Re1 Qh5+
41. Kg2 Qg6 42. b6 Nxe4 43. b7 Ng5 44. b8=Q Qc2+ 45. Kh1 Nf3 46. Qg8# {
D-Bucher checkmated} 1-0

[Event "ICS rated blitz match"]
[Site "204.178.125.65"]
[Date "2001.08.19"]
[Round "?"]
[White "D-Bucher"]
[Black "Hossa"]
[Result "0-1"]
[WhiteElo "2160"]
[BlackElo "2535"]
[PlyCount "88"]
[EventDate "2001.??.??"]

1. e3 Nf6 2. d3 e5 3. b3 Nc6 4. Bb2 d5 5. a3 Bd6 6. g3 Bg4 7. Qd2 O-O 8. h3 Bf5
9. Bg2 Qd7 10. Qd1 a5 11. Nd2 a4 12. b4 Rfd8 13. Ne2 Re8 14. g4 Bg6 15. Ng3 h6
16. O-O Rac8 17. Rb1 Rb8 18. Qe2 b5 19. Qd1 Ne7 20. d4 e4 21. Qe2 c6 22. c3 Qc7
23. Qe1 h5 24. gxh5 Nxh5 25. Nxh5 Bxh5 26. Rc1 Bh2+ 27. Kh1 Nf5 28. Rg1 Bxg1
29. Qxg1 Qe7 30. Qh2 Qh4 31. Rf1 Be2 32. Qg1 Bxf1 33. Nxf1 Ra8 34. Nh2 Re6 35.
Nf1 Rg6 36. Nh2 Rb8 37. Bc1 Rc8 38. Bd2 Re8 39. Be1 Qh5 40. Bd2 Nh4 41. Ng4 Nf3
42. Bxf3 Qxh3+ 43. Nh2 exf3 44. Qxg6 fxg6 {D-Bucher resigns} 0-1

[Event "ICS rated blitz match"]
[Site "204.178.125.65"]
[Date "2001.08.19"]
[Round "?"]
[White "D-Bucher"]
[Black "Hossa"]
[Result "0-1"]
[WhiteElo "2154"]
[BlackElo "2541"]
[PlyCount "150"]
[EventDate "2001.??.??"]

1. g3 g6 2. Bg2 Bg7 3. d3 Nf6 4. e3 O-O 5. h3 d5 6. Ne2 c5 7. Nd2 Nc6 8. Rb1 e5
9. O-O Be6 10. g4 Nb4 11. a3 Na2 12. Ra1 Nxc1 13. Rxc1 Qc7 14. Ng3 b5 15. Qe2
Bh6 16. Kh1 Rfd8 17. Kg1 Qd6 18. Kh1 a5 19. Kg1 Ra7 20. Kh1 Re8 21. Kg1 Rb8 22.
Kh1 Rab7 23. Kg1 Rd8 24. Kh1 Ra8 25. Kg1 Rab8 26. Kh1 Re8 27. Kg1 Qe7 28. Kh1
Rbb8 29. Kg1 Qd6 30. Kh1 Ra8 31. Kg1 Bd7 32. Kh1 Ra7 33. Kg1 Rea8 34. Kh1 Be6
35. Kg1 a4 36. Kh1 Rb7 37. Kg1 Re8 38. Kh1 Ra7 39. Kg1 Rc8 40. Kh1 Rca8 41. Kg1
Rb7 42. Kh1 Re8 43. Kg1 Rc8 44. Kh1 Bd7 45. Kg1 Ra8 46. Kh1 Rab8 47. Kg1 b4 48.
Kh1 bxa3 49. bxa3 Rb2 50. Kg1 Ra2 51. Nb1 Be6 52. Kh1 Rab2 53. Kg1 Bc8 54. Kh1
Ba6 55. Kg1 R8b3 56. Kh1 Bxd3 57. cxd3 Rxe2 58. Nxe2 d4 59. exd4 Bxc1 60. Rxc1
exd4 61. Rd1 Qa6 62. Nf4 g5 63. Bf1 gxf4 64. Kg1 Nd5 65. Kh1 Qb7 66. Kg1 Rxb1
67. Rxb1 Qxb1 68. h4 Qd1 69. h5 Qxg4+ 70. Kh1 Qxh5+ 71. Kg1 Qd1 72. Kh1 Qxf1+
73. Kh2 Qxf2+ 74. Kh1 Qf3+ 75. Kg1 Ne3 {D-Bucher resigns} 0-1

[Event "ICS rated blitz match"]
[Site "204.178.125.65"]
[Date "2001.08.19"]
[Round "?"]
[White "D-Bucher"]
[Black "Hossa"]
[Result "0-1"]
[WhiteElo "2148"]
[BlackElo "2547"]
[PlyCount "49"]
[EventDate "2001.??.??"]

1. e3 Nf6 2. d3 Nc6 3. b3 e5 4. Bb2 d5 5. h3 Bd6 6. a3 O-O 7. Nd2 a5 8. Ne2 Be6
9. g3 a4 10. b4 Bf5 11. g4 Be6 12. Bg2 Qe7 13. O-O b5 14. Ng3 Ra6 15. e4 dxe4
16. Ndxe4 Nxe4 17. Nxe4 Bd5 18. Qe2 Qh4 19. Qe3 Bxe4 20. Bxe4 Nd4 21. Rac1 Ne6
22. Qg3 Qh6 23. Rce1 Ng5 24. Bg2 e4 25. f4 {D-Bucher resigns} 0-1

[Event "ICS rated blitz match"]
[Site "204.178.125.65"]
[Date "2001.08.19"]
[Round "?"]
[White "Hossa"]
[Black "ChesterX"]
[Result "1/2-1/2"]
[WhiteElo "2550"]
[BlackElo "2829"]
[PlyCount "143"]
[EventDate "2001.??.??"]

1. d4 Nf6 2. c4 e6 3. Nc3 Bb4 4. Bd2 O-O 5. Nf3 Qe7 6. e3 c5 7. a3 cxd4 8. exd4
Bxc3 9. Bxc3 Nc6 10. Bd3 d5 11. b3 dxc4 12. bxc4 b6 13. O-O Rd8 14. Re1 Qd6 15.
Qc2 Bb7 16. d5 exd5 17. cxd5 Nxd5 18. Bxh7+ Kf8 19. Be4 Nxc3 20. Qxc3 Rac8 21.
Ng5 Ne5 22. Qh3 Bxe4 23. Rxe4 Qd2 24. Rae1 Qxg5 25. f4 Qh6 26. Qxh6 gxh6 27.
Rxe5 Rd2 28. R5e2 Rd4 29. g3 Rc3 30. Re3 Rdd3 31. Rxd3 Rxd3 32. Ra1 b5 33. g4
a5 34. Ra2 Kg7 35. Kg2 b4 36. axb4 axb4 37. Ra6 Rd2+ 38. Kg3 b3 39. Rb6 b2 40.
h4 Rc2 41. h5 f6 42. Rb7+ Kf8 43. Kf3 Ke8 44. Ke4 Kd8 45. Kf5 Kc8 46. Rb3 Rg2
47. Kxf6 Rxg4 48. f5 Rg2 49. Kf7 Kd7 50. f6 Kd6 51. Kf8 Kc6 52. Ke7 Re2+ 53.
Kf7 Kd6 54. Kg6 Rg2+ 55. Kxh6 Ke6 56. Rb6+ Kf7 57. Kh7 Rf2 58. h6 Rg2 59. Kh8
Rc2 60. Kh7 Rd2 61. Rb8 Kxf6 62. Rb6+ Ke5 63. Rxb2 Rxb2 64. Kg6 Ke6 65. Kg7 Kf5
66. h7 Rg2+ 67. Kf7 Rh2 68. Kg8 Rg2+ 69. Kf8 Rh2 70. Kg8 Ke4 71. h8=Q Rxh8+ 72.
Kxh8 {Game drawn because neither player has mating material} 1/2-1/2

[Event "ICS rated blitz match"]
[Site "204.178.125.65"]
[Date "2001.08.19"]
[Round "?"]
[White "ChesterX"]
[Black "Hossa"]
[Result "1-0"]
[WhiteElo "2818"]
[BlackElo "2561"]
[PlyCount "85"]
[EventDate "2001.??.??"]

1. d4 Nf6 2. Nf3 e6 3. g3 c5 4. Bg2 cxd4 5. Nxd4 d5 6. O-O e5 7. Nb3 Nc6 8. Bg5
Be6 9. Nc3 d4 10. Ne4 Be7 11. Bxf6 gxf6 12. Nec5 Bxc5 13. Nxc5 Qb6 14. Ne4 f5
15. Nf6+ Ke7 16. Nd5+ Bxd5 17. Bxd5 Rhd8 18. Bg2 e4 19. Qc1 Ke8 20. Qh6 Qxb2
21. Qxh7 Qxc2 22. Qxf5 Ne7 23. Qh5 d3 24. exd3 exd3 25. Qh8+ Kd7 26. Qf6 d2 27.
Bh3+ Ke8 28. Qh8+ Ng8 29. Qxg8+ Ke7 30. Qg7 Rd5 31. Rae1+ dxe1=Q 32. Rxe1+ Kd6
33. Qxf7 Qd2 34. Re6+ Kc5 35. Qxb7 Kd4 36. Rc6 Re8 37. Qxa7+ Kd3 38. Qa6+ Ke4
39. Qc4+ Rd4 40. Bg2+ Kf5 41. Qf7+ Kg4 42. Qg6+ Qg5 43. f3# {Hossa checkmated}
1-0

[Event "ICS rated blitz match"]
[Site "204.178.125.65"]
[Date "2001.08.19"]
[Round "?"]
[White "Hossa"]
[Black "QuarkX"]
[Result "1/2-1/2"]
[WhiteElo "2555"]
[BlackElo "2634"]
[PlyCount "184"]
[EventDate "2001.??.??"]

1. e4 c5 2. Nf3 d6 3. d4 cxd4 4. c3 Nf6 5. Qxd4 Nc6 6. Bb5 Bd7 7. Qd3 a6 8. Ba4
Ne5 9. Bxd7+ Qxd7 10. Nxe5 dxe5 11. Qe2 Qc6 12. f3 e6 13. Bg5 O-O-O 14. Nd2 Bc5
15. O-O-O h6 16. Bh4 Qa4 17. Kb1 b5 18. Nb3 Bb6 19. Bf2 Bc7 20. Nc5 Qa5 21. Qc2
Rhe8 22. g3 Rh8 23. h4 Rxd1+ 24. Rxd1 Rd8 25. Nd3 Rd7 26. b4 Qa3 27. Be3 Bb8
28. Nb2 Rc7 29. Rd3 a5 30. Bb6 axb4 31. c4 Qa6 32. Bxc7 Bxc7 33. c5 Nh5 34. Qf2
f5 35. Rb3 fxe4 36. fxe4 Nf6 37. Qc2 Qc6 38. Re3 Qd7 39. c6 Qd4 40. Re1 Qc3 41.
Qxc3 bxc3 42. Nd3 Bb6 43. Kc2 Bd4 44. Kb3 Kc7 45. Nb4 Bf2 46. Re2 Bxg3 47. Kxc3
Bxh4 48. Kd3 Kd6 49. Rc2 Ne8 50. Na6 Bd8 51. Nc5 Bb6 52. Nd7 Bc7 53. Nf8 Nf6
54. Ng6 Bb6 55. Nh8 Ng4 56. Ke2 Bc7 57. Rc1 Nf6 58. Kd3 Ne8 59. a3 h5 60. Rc2
Ke7 61. Rc5 Kf6 62. Rc1 h4 63. Rb1 g5 64. Rf1+ Ke7 65. Ng6+ Kd6 66. Rf8 Ng7 67.
Rh8 Bb6 68. Rh7 Ne8 69. Rd7+ Kxc6 70. Nxe5+ Kc5 71. Rh7 Bc7 72. Ng6 Kc6 73. Re7
Nd6 74. Ne5+ Kb7 75. Rxe6 Nc4 76. Nxc4 bxc4+ 77. Kxc4 g4 78. Rh6 h3 79. Kd4 g3
80. Ke3 Bb6+ 81. Kf3 g2 82. Rg6 g1=Q 83. Rxg1 Bxg1 84. Kg3 h2 85. Kg2 h1=R 86.
Kxh1 Bf2 87. e5 Kb6 88. e6 Kc6 89. a4 Kd6 90. a5 Kxe6 91. a6 Ke5 92. a7 Bxa7 {
Game drawn because neither player has mating material} 1/2-1/2

[Event "ICS rated blitz match"]
[Site "204.178.125.65"]
[Date "2001.08.19"]
[Round "?"]
[White "QuarkX"]
[Black "Hossa"]
[Result "1-0"]
[WhiteElo "2630"]
[BlackElo "2559"]
[PlyCount "171"]
[EventDate "2001.??.??"]

1. Nf3 d5 2. g3 c6 3. Bg2 Nf6 4. b3 g6 5. d4 Bg7 6. O-O O-O 7. Bb2 Bg4 8. c4
Nbd7 9. Nc3 Nb6 10. Ne5 dxc4 11. bxc4 Be6 12. c5 Nc4 13. Nxc4 Bxc4 14. Re1 Qd7
15. e3 Rfd8 16. Qa4 Be6 17. Qc2 Bh3 18. e4 Bxg2 19. Kxg2 b6 20. e5 Nd5 21. Ne4
Rab8 22. h3 Rb7 23. a4 Rbb8 24. cxb6 axb6 25. a5 bxa5 26. Rxa5 Qc7 27. Ra3 e6
28. Kh1 Bf8 29. Ra4 Be7 30. Rb1 Ra8 31. Rxa8 Rxa8 32. Bc1 Rd8 33. Bh6 Ba3 34.
Qa4 Bf8 35. Bxf8 Rxf8 36. Kg2 Rd8 37. Qa6 Rd7 38. Kh1 h6 39. f3 h5 40. Nc5 Rd8
41. Rb7 Qc8 42. Qa7 Qa8 43. Rxf7 Qxa7 44. Rxa7 Re8 45. Kg1 Nc3 46. Kf2 Nb5 47.
Rd7 Kf8 48. Ke3 Re7 49. Rd8+ Kf7 50. Rh8 Nc3 51. g4 Nd5+ 52. Ke4 hxg4 53. fxg4
Nc3+ 54. Kd3 Nd5 55. h4 Kg7 56. Rb8 Kh6 57. Rd8 Kg7 58. Rd6 Kf7 59. Ne4 Kg7 60.
Ng5 Kh6 61. Ke4 Nc3+ 62. Ke3 Nd5+ 63. Kf2 Nc7 64. Rxc6 Rd7 65. Ke3 Nd5+ 66. Ke4
Rc7 67. Rxe6 Nc3+ 68. Kf4 Rc4 69. Rd6 Nb5 70. Ne6 Rc1 71. Rd8 Rf1+ 72. Kg3 Kh7
73. Ng5+ Kg7 74. e6 Nxd4 75. Rxd4 Kf8 76. Rd8+ Ke7 77. Rd7+ Ke8 78. Ne4 Kf8 79.
e7+ Ke8 80. Rc7 Rg1+ 81. Kh2 Kf7 82. Nf6 Kxf6 83. e8=Q Rh1+ 84. Kxh1 g5 85.
Qe7+ Kg6 86. Qe6# {Hossa checkmated} 1-0

[Event "ICS Rated blitz match"]
[Site "204.178.125.65"]
[Date "2001.08.19"]
[Round "?"]
[White "Hossa"]
[Black "Tinker"]
[Result "1/2-1/2"]
[WhiteElo "2546"]
[BlackElo "2469"]
[PlyCount "228"]
[EventDate "2001.??.??"]

1. c4 e6 2. d4 Nf6 3. Nf3 d5 4. e3 dxc4 5. Bxc4 c5 6. O-O Nc6 7. Nc3 cxd4 8.
Nxd4 Ne5 9. Be2 Be7 10. f4 Ng6 11. e4 O-O 12. Be3 e5 13. fxe5 Nxe5 14. Ndb5
Qxd1 15. Raxd1 Bg4 16. Bxg4 Nexg4 17. Bd4 a6 18. Nc7 Rac8 19. N3d5 Bd8 20. h3
Nxd5 21. Nxd5 Nh6 22. Be3 Re8 23. Bxh6 gxh6 24. Rd3 Rxe4 25. Rg3+ Kf8 26. Rgf3
f6 27. Nxf6 Bxf6 28. Rxf6+ Kg8 29. R1f2 h5 30. R6f5 h4 31. Rg5+ Kh8 32. Rf7 b6
33. Rh5 Kg8 34. Rfxh7 Rc1+ 35. Kh2 Re2 36. Rh8+ Kf7 37. R5h7+ Kf6 38. Rf8+ Kg6
39. Rxh4 Rxb2 40. Rg4+ Kh7 41. Rf7+ Kh6 42. Rf6+ Kh7 43. Rf5 Kh6 44. a4 Rc6 45.
Rfg5 Rbc2 46. Kg3 R2c3+ 47. Kh4 Kh7 48. Rh5+ Rh6 49. Rxh6+ Kxh6 50. Rb4 Rc6 51.
g4 b5 52. axb5 Rb6 53. Kg3 axb5 54. h4 Kg6 55. Kf4 Kf6 56. g5+ Kg7 57. h5 Rb7
58. Ke5 Rb8 59. Kd6 Rd8+ 60. Kc6 Rh8 61. h6+ Kg6 62. Rxb5 Rd8 63. Ra5 Rc8+ 64.
Kd6 Rd8+ 65. Ke7 Rh8 66. Kd7 Rh7+ 67. Kc6 Re7 68. Kd6 Rf7 69. Re5 Rf8 70. Kd7
Rf2 71. Ke6 Rb2 72. Rc5 Rb7 73. Kd6 Ra7 74. Rd5 Rf7 75. Kc6 Rf8 76. Kb7 Rf2 77.
Kc7 Rf4 78. Kd7 Rg4 79. Kd6 Re4 80. Rd1 Rh4 81. Rg1 Rd4+ 82. Ke5 Rd2 83. Rh1
Rd7 84. Rh3 Ra7 85. Rg3 Rf7 86. Ke6 Rh7 87. Rg2 Rc7 88. Kd5 Rd7+ 89. Kc6 Rd8
90. Kc5 Rd3 91. Rg1 Rd2 92. Kc6 Rd4 93. Rg3 Ra4 94. Kd7 Ra7+ 95. Kd6 Rf7 96.
Rg4 Rf2 97. Ke6 Re2+ 98. Kd7 Rd2+ 99. Kc7 Rc2+ 100. Kb6 Rf2 101. Kc6 Rd2 102.
Rg3 Rd8 103. Kc7 Re8 104. Kd7 Re2 105. Rh3 Rd2+ 106. Ke7 Re2+ 107. Kf8 Rf2+
108. Kg8 Rc2 109. Rf3 Rc8+ 110. Rf8 Rc7 111. h7 Rxh7 112. Rf3 Rh5 113. Rg3 Rxg5
114. Rxg5+ Kxg5 {Game drawn because neither player has mating material} 1/2-1/2

[Event "ICS rated blitz match"]
[Site "204.178.125.65"]
[Date "2001.08.19"]
[Round "?"]
[White "Hadoken"]
[Black "Hossa"]
[Result "1-0"]
[WhiteElo "2712"]
[BlackElo "2543"]
[PlyCount "106"]
[EventDate "2001.??.??"]

1. c4 e5 2. Nc3 Nc6 3. g3 g6 4. Bg2 Bg7 5. e3 d6 6. Nge2 Nge7 7. d4 O-O 8. d5
Na5 9. b3 Bg4 10. e4 Qc8 11. O-O Qd7 12. Qd3 c5 13. dxc6 bxc6 14. Be3 Nb7 15.
Rad1 f5 16. f3 fxe4 17. Nxe4 Bf5 18. N2c3 Rfd8 19. Rfe1 Qc7 20. g4 Be6 21. Qe2
Rf8 22. b4 a5 23. Ng5 Bf7 24. Nxf7 Rxf7 25. b5 Qd7 26. b6 Bf6 27. Ne4 Bh4 28.
Rf1 Qd8 29. Nc5 Nxc5 30. Bxc5 Nc8 31. f4 Qe7 32. Bxc6 dxc5 33. b7 Rb8 34. Rd7
Qxd7 35. Bxd7 Rxd7 36. bxc8=Q+ Rxc8 37. g5 Rf8 38. Qg4 Rf5 39. Qxh4 exf4 40.
Rb1 Rdf7 41. Rb8+ Rf8 42. Rxf8+ Kxf8 43. Qxh7 Rxg5+ 44. Kh1 Rf5 45. Qxg6 Rf7
46. Qh6+ Ke7 47. Qg5+ Ke6 48. Qd5+ Kf6 49. Qxc5 f3 50. Qxa5 f2 51. Kg2 Kg6 52.
Kf1 Rf5 53. Qb6+ Rf6 {Hossa resigns} 1-0

[Event "ICS rated blitz match"]
[Site "204.178.125.65"]
[Date "2001.08.19"]
[Round "?"]
[White "Hossa"]
[Black "Yace"]
[Result "0-1"]
[WhiteElo "2534"]
[BlackElo "2870"]
[PlyCount "95"]
[EventDate "2001.??.??"]

1. c4 c5 2. g3 g6 3. Bg2 Bg7 4. Nf3 Nc6 5. O-O e6 6. Nc3 Nge7 7. d3 O-O 8. a3
b6 9. Bf4 d5 10. cxd5 exd5 11. Qd2 Bg4 12. Bh6 Bxf3 13. Bxf3 Nd4 14. Bxg7 Kxg7
15. Qf4 Qb8 16. Qxb8 Nxf3+ 17. Kg2 Nh4+ 18. Kh3 Raxb8 19. Kxh4 d4 20. Nb5 Rfd8
21. Nxa7 b5 22. a4 bxa4 23. Rxa4 Rxb2 24. Re1 Re8 25. Kg4 Nd5 26. Kf3 Nb4 27.
Raa1 Rd2 28. Rac1 Re5 29. Nc8 Nc2 30. Rf1 Rdxe2 31. Nd6 Ne1+ 32. Rcxe1 Rxe1 33.
Rxe1 Rxe1 34. h4 f5 35. Nc4 Kf6 36. Nb6 Ke6 37. Nc4 h6 38. Nb2 g5 39. hxg5 hxg5
40. g4 fxg4+ 41. Kxg4 Rg1+ 42. Kf3 Ra1 43. Nc4 Ra2 44. Kg2 Rc2 45. Kf1 Rxc4 46.
dxc4 Ke5 47. Ke2 Ke4 48. Ke1 {Hossa resigns} 0-1